000 00656nam a22002297a 4500
003 UA-OsUOA
001 54431
007 ta
008 20080612b un ||||| |||| 00| 0 ukr d
100 _aВовчак О.
700 _aМеда Н.
090 _a330(477)
_bВ-12
942 _cSA
040 _aUA-OsUOA
_bukr
_cUA-OsUOA
_dUA-OsUOA
245 _aФінансова стратегія розвитку банку як передумова ефективності його діяльності
300 _aС.23-37
955 _a0
041 _aukr
080 _a330(477)
773 0 _w54430
650 7 _a330 Економіка взагалі
_2UDC
999 _c340259
_d340259